| 000 | 00742nam a2200217Ii 4500 | ||
|---|---|---|---|
| 003 | JO-AjNU | ||
| 008 | 230605s9999||||xx |||||||||||||| ||und|| | ||
| 017 | _a2008/4/1071 | ||
| 040 |
_aJO-AjNU _bara _erda _cJO-AjNU |
||
| 041 | _aara | ||
| 050 | 1 | 4 | _aHG4521.A4782 2009 |
| 100 | 3 |
_aآل شبيب، دريد كامل, _eauthor _929666 |
|
| 245 | 0 | 0 | _aالاستثمار والتحليل الاستثماري |
| 250 | _aط العربية | ||
| 264 | 3 | 1 | _aعمان: دار اليازوري العلمية، 2009 |
| 300 |
_a431ص _bيحتوي على ببلوغرافية من 423-431ص |
||
| 336 |
_atext _btxt _2rdacontent |
||
| 337 |
_aunmediated _bn _2rdamedia |
||
| 338 |
_avolume _bnc _2rdacarrier |
||
| 650 | 4 |
_aالاستثمار _929667 |
|
| 999 |
_aA11665 _c15233 _d15233 |
||